000 00732nam a2200217Ii 4500
003 JO-AjNU
008 230605s9999||||xx |||||||||||||| ||und||
017 _a2008/9/3370
040 _aJO-AjNU
_bara
_erda
_cJO-AjNU
041 _aara
050 1 4 _aK115.S87.2009
100 3 _a شوشاري ، صلاح الدين محمد ,
_eauthor
_911178
245 0 0 _aالدليل المعتمد في امتحانات الحقوقيين
250 _aط1
264 3 1 _aعمان : د ، ن ، 2009
300 _a504ص
336 _atext
_btxt
_2rdacontent
337 _aunmediated
_bn
_2rdamedia
338 _avolume
_bnc
_2rdacarrier
650 4 _aالمحامون -- الامتحانات -- مهنة المحاماة -- الأدلة
_911179
999 _aA2189
_c5757
_d5757